Statistics for Top U.S. Medical Schools Quiz

Click here to take the quiz!

General Stats

  • This quiz has been taken 317 times
  • The average score is 29 of 51

Answer Stats

#Medical School% Correct
1Harvard University
98%
11Yale University
91%
8University of California--Los Angeles (Geffen)
88%
11Columbia University
82%
3Stanford University
81%
21Cornell University (Weill)
79%
6University of Pennsylvania (Perelman)
78%
41University of Florida
73%
11University of Washington
73%
32Brown University (Alpert)
72%
3New York University (Langone)
72%
18University of Chicago (Pritzker)
72%
15University of Michigan--Ann Arbor
72%
26University of Texas Southwestern Medical Center
70%
10Duke University
69%
44Dartmouth College (Geisel)
68%
23University of North Carolina--Chapel Hill
67%
20Northwestern University (Feinberg)
65%
32University of Southern California (Keck)
64%
22University of California--San Diego
63%
26University of Virginia
63%
50Indiana University--Indianapolis
62%
29Boston University
61%
2Johns Hopkins University
60%
29Oregon Health and Science University
60%
46Georgetown University
59%
46University of Minnesota
58%
17Vanderbilt University
58%
32University of Colorado
56%
31University of Maryland
56%
50University of Miami (Miller)
56%
5University of California--San Francisco
54%
28University of Wisconsin--Madison
53%
23Emory University
51%
32Ohio State University
50%
32University of Iowa (Carver)
50%
32University of Alabama--Birmingham
49%
39University of California--Davis
46%
46University California--Irvine
44%
14University of Pittsburgh
44%
16Baylor College of Medicine
42%
8Washington University in St. Louis
41%
41University of Utah
39%
25Case Western Reserve University
35%
6Mayo Clinic School of Medicine
35%
46University of Massachusetts--Worcester
30%
41University of Hawaii--Manoa (Burns)
29%
18Icahn School of Medicine at Mount Sinai
28%
32University of Rochester
28%
44University of Cincinnati
21%
39Yeshiva University (Einstein)
12%

Score Distribution

Percentile by Number Answered

Percent of People with Each Score

Your Score History

You have not taken this quiz